La constitución reformada y sus normas reglamentarias : nuevos derechos y garantías. Tomo II /

Guardado en:
Otros Autores: Abrigo, Marcela Carina, (coord.), Ayala, Javier, (doc.), Mason, Gustavo, (doc.), Rovner, Ricardo, (doc.), Valle, Ana, (doc.), Amaya, Jorge Alejandro., Basterra, Marcela I., Bisserier Díaz, Pamela., Estarellas, Lorena., Fraquelli, Ileana., Ibarlucía, Emilio A., López Alfonsín, Marcelo A., Pérez Sammartino, Osvaldo A., Sacristan, Estela B.
Formato: Libro
Idioma:Spanish
Publicado: Santa Fe ; Rubinzal Culzoni, 2008.
Edición:1a. ed.
Materias:
Etiquetas: Agregar Etiqueta
Sin Etiquetas, Sea el primero en etiquetar este registro!
LEADER 01181nam a22003375a 4500
001 DER.der011530
008 180615s2008####ag#||||||||||||||#||spa||
005 20250407141220.0
245 1 0 |a La constitución reformada y sus normas reglamentarias :  |b nuevos derechos y garantías.  |n Tomo II /  |c dirigido por Ricardo Dalla Vía, y Alberto M. García Lema. 
250 |a 1a. ed. 
260 |a Santa Fe ;  |a Rubinzal Culzoni,  |c 2008. 
300 |a 512 p. 
020 |a 9789507279270 
700 1 |a Dalla Vía, Ricardo,  |e dir. 
700 1 |a García Lema, Alberto Manuel,  |e dir. 
700 1 |a Abrigo, Marcela Carina,  |e coord. 
700 1 |a Ayala, Javier,  |e doc. 
700 1 |a Mason, Gustavo,  |e doc. 
700 1 |a Rovner, Ricardo,  |e doc. 
700 1 |a Valle, Ana,  |e doc. 
700 1 |a Amaya, Jorge Alejandro. 
700 1 |a Basterra, Marcela I. 
700 1 |a Bisserier Díaz, Pamela. 
700 1 |a Estarellas, Lorena. 
700 1 |a Fraquelli, Ileana. 
700 1 |a Ibarlucía, Emilio A. 
700 1 |a López Alfonsín, Marcelo A. 
700 1 |a Pérez Sammartino, Osvaldo A. 
700 1 |a Sacristan, Estela B. 
650 7 |a DERECHO CONSTITUCIONAL 
859 |a DERECHO  |b BIB. DERECHO  |h 342  |i LAC  |p 006707